000 00432nam a22001817a 4500
003 MPLRDC
005 20220104181251.0
008 210129b ||||| |||| 00| 0 eng d
020 _a983-62-1988-9
082 _a868.73 BAK
100 _aZAINAL ABIDIN BAKAR
245 _aKUMPULAN PANTUN MELAYU
_c
250 _a初版
260 _a
_bDEWAN BAHASA DAN PUSTAKA
_c1983
300 _b
650 _a
942 _cBK
_o868.73 BAK
999 _c61354
_d61344